Personnages célèbres - Série 43 - Statistiques

Statistiques générales
  • Ce quiz a été pris 150 fois
  • Le résultat moyen est 4 sur 15
Statistiques - réponses
Par images Réponse % Correct
Kad Merad
90%
Jean Baptiste Maunier
52%
Jean Marais
52%
Steve McQueen
52%
Macha Méril
36%
Marcello Mastroianni
33%
Raphael Mezrahi
26%
Gilbert Melki
24%
Eric Métayer
14%
Lee Marvin
14%
Marthe Mercadier
12%
Jacques Marin
10%
Melina Mercouri
9%
Michèle Mercier
6%
Lea Massari
1%
Aucun quiz correspondant
Distribution des résultats
% des personnes avec chaque résultat
Percentile par nombre de réponses
Votre historique - résultats
Vous n’avez pas pris ce quiz